000
00229nam a2200109Ia 4500
100
_a
#N/A
942
_c
BK
245
_a
Capture your memories in style ; Autocad 2014 Autodesk
260
_b
#N/A
546
_a
ENGLISH
999
_c
33640
_d
33640